=LDR 00000nam 2200000 4500 =001 $a INLIS000000000008375 =005 $a 20260604110043 =008 $a 260604################g##########0#ind## =022 ##$$a 978-979-1284-34-9 =035 ##$$a 0010-0626000002 =082 ##$$a 418.4 =084 ##$$a 418.4 HER m =100 #$$a Hernowo =245 ##$$a Mengikat makna update : $b membaca dan menulis yang memberdayakan $c Hernowo; Budhyastuti R. H. (penyunting) =246 ##$$a =260 ##$$a Bandung $b Kaifa $c 2009 =300 ##$$a xxxii, 216 hlm. $b ilus. $c 24 cm $d =336 ##$$a =337 ##$$a =338 ##$$a =504 #$$a Bibliografi: hlm. 199–202 Indeks =650 #$$a Membaca =650 #$$a Teknik penulisan =700 #$$a Budhyastuti R. H. (penyunting) =740 ##$$a =856 ##$$a =Wor $a 1